000
00258nam a22001217a 4500
020
_a
0-7214-2397-3
082
_a
823
_b
DIS/E
100
_a
DISNEY, WALT
245
_a
NEW GROOVE
260
_a
LONDON
_b
LADYBIRD
650
_a
ENGLISH SHORT STORY
_z
UK
942
_c
BK
999
_c
3695
_d
3695